KOHA-Header-6

Technical Communication for Engineers (Record no. 2191)

000 -LEADER
fixed length control field 00318nam a2200121Ia 4500
008 - FIXED-LENGTH DATA ELEMENTS--GENERAL INFORMATION
fixed length control field 190802s9999 xx 000 0 und d
020 ## - INTERNATIONAL STANDARD BOOK NUMBER
International Standard Book Number 978-93259-9018-0
100 ## - MAIN ENTRY--PERSONAL NAME
Personal name Shalini Verma
245 #0 - TITLE STATEMENT
Title Technical Communication for Engineers
260 ## - PUBLICATION, DISTRIBUTION, ETC. (IMPRINT)
Place of publication, distribution, etc New Delhi
Name of publisher, distributor, etc Vikas Publishing
Date of publication, distribution, etc 2015
300 ## - PHYSICAL DESCRIPTION
Extent 746:p
942 ## - ADDED ENTRY ELEMENTS (KOHA)
Koha item type Books
Holdings
Withdrawn status Lost status Damaged status Not for loan Collection code Permanent Location Current Location Shelving location Date acquired Full call number Barcode Date last seen Price effective from Koha item type
        CSE MAJU MAJU Shelf No.A31 2019-08-03 620.001 8814 2019-08-03 2019-08-03 Computer System Engineering

Powered by Koha